000 00446 a2200157 4500
003 Nust
005 20170207153159.0
040 _cNust
082 _a005.1
100 _aAhmed, Zaheer MSCS
245 _aCCESMES Comprehensive Cost Estimation System For Military Engineering Services
_cZaheer Ahmed and D.M Akber Hussain MSCS
260 _aRawalpindi
_bMCS, NUST
_cMar, 2000
300 _a96 p.
538 _aT1 and Shelf No 3
650 _aMSCS Thesis
942 _cTHS
999 _c180880
_d180880